| 000 | 00925nam a22002775i 4500 | ||
|---|---|---|---|
| 001 | 12935 | ||
| 003 | ES-MaACL | ||
| 005 | 20250930063034.0 | ||
| 007 | t| | ||
| 008 | 940728s1993 sp ||||0| spa j | ||
| 020 | _a84-7600-894-5 | ||
| 040 |
_aM-BN _bspa _cM-BN |
||
| 080 | _a930.85(=98:81) | ||
| 080 | _a904(=98:81) | ||
| 100 | 0 |
_aAlonso Sagaseta, Alicia _920181 |
|
| 245 | 1 | 0 |
_aArqueología amazónica / _cAlicia Alonso Sagaseta. |
| 260 |
_aTorrejón de Ardoz, Madrid : _bAkal, _cD.L. 1993. |
||
| 300 |
_a54 p. : _bil. col., map. ; _c24 cm. |
||
| 490 | 1 |
_aAkal Las Américas ; _v11. _aArqueología ; _v5 |
|
| 504 | _aBibliografía: 53-54. | ||
| 650 | 1 | 4 |
_aIndios de la Amazonía- _xCivilización. _913692 |
| 650 | 1 | 4 |
_aIndios de la Amazonía- _xRestos arqueológicos. _913694 |
| 830 | 0 | 0 |
_aAkal. _pLas Américas _v11. _v5 _9231693 |
| 852 |
_aES-MaACL _jL-20259 _bR.125423 |
||
| 999 |
_c12935 _d12935 |
||